| 000 | 00691cam a2200181 a 4500 | ||
|---|---|---|---|
| 020 | _a9781593573188 (alk. paper) | ||
| 020 | _a1593573189 (alk. paper) | ||
| 050 | 0 | 0 |
_aHF 5382.5 _b.U5F37 2007 |
| 100 | 1 | _aFarr, J. Michael. | |
| 245 | 1 | 0 |
_aTop 100 careers for college graduates : _byour complete guidebook to major jobs in many fields / _cMichael Farr. |
| 250 | _a7th ed. | ||
| 260 |
_aIndianapolis, IN : _bJIST Works, an imprint of JIST Pub., Inc., _cc2007. |
||
| 300 | _avii, 424 p. : | ||
| 500 | _a"Previous edition was titled America's Top 101 Jobs for College Graduates." | ||
| 650 | 0 | _xEmployment | |
| 856 | 4 | 1 | _uhttp://www.loc.gov/catdir/toc/ecip077/2006103060.html |
| 942 |
_2lcc _cGEN |
||
| 999 |
_c8765 _d8765 |
||